Statistiken für Knochen des Hirnschädels Quiz

Klicken Sie hier um das Quiz zu spielen!

Allgemein

  • Dieses Quiz wurde 44 mal gespielt
  • Das Durchschnittsergebnis liegt bei 5 aus 12

Antwortstatistiken

HinweisAntwort% Korrekt
DeutschStirnbein
65%
LateinOs frontale
62%
DeutschSchläfenbein
62%
LateinOs occipitale
44%
LateinOs parietale
41%
LateinOs temporale
41%
DeutschScheitelbein
41%
DeutschHinterhauptbein
38%
LateinOs sphenoidale
29%
LateinOs ethmoidale
26%
DeutschSiebbein
24%
DeutschKeilbein
21%

Verteilung der Resultate

Perzentil nach korrekt beantworteten Fragen

Anzahl Personen mit jedem Resultat

Ihre Resultats-Entwicklung

Sie haben dieses Quiz noch nicht gespielt